Poprawna polszczyzna - Statystyki

Ogólne statystyki
  • Ten quiz został rozwiązany 374 razy
  • Średni wynik to 2 z 11
Statystyki odpowiedzi
Zagadnienie Odpowiedź % Poprawnych
Które zdanie jest poprawnie napisane? Toreador zadał bykowi zabójczy cios.
57%
Które zdanie jest poprawnie napisane? A nuż się uda.
43%
Co znaczy słowo "oportunista"? Człowiek bierny, ugodowy, przystosowujący się do okoliczności dla osiągnięcia własnych korzyści
29%
Co znaczy słowo "resentyment"? Urazę
29%
Które zdanie jest poprawnie napisane? Zmełłem kawę.
29%
Które zdanie jest poprawnie napisane? Odbędzie się wielki show.
14%
Które zdanie jest poprawnie napisane? Ożeż ty!
14%
Które zdanie jest poprawnie napisane? Wiem, co jem, i wiem, co kupuję.
14%
Kieszeń w marynarce to: Brustasza
0%
Które zdanie jest poprawnie napisane? To jest przekonywająca okazja.
0%
Które zdanie jest poprawnie napisane? Z Leonem Messim i Cristianem Ronaldem wygralibyśmy wszystko.
0%
Nie znaleziono quizów pasujących do podanych kryteriów
Rozkład punktacji
Procent ludzi z każdym wynikiem
Percentyl według liczby udzielonych odpowiedzi
Twoja historia wyników
Nie rozwiązałeś tego quizu